Les politiques quand ils étaient jeunes - Statistiques

Statistiques générales
  • Ce quiz a été pris 331 fois
  • Le résultat moyen est 9 sur 16
Statistiques - réponses
Par images Réponse % Correct
Nicolas Sarkozy
97%
Jean-Luc Mélenchon
86%
François Hollande
84%
François Fillon
81%
Manuel Valls
77%
Jean-Marie Le Pen
67%
Lionel Jospin
63%
Jacques Chirac
53%
Martine Aubry
53%
Laurent Fabius
39%
Robert Hue
39%
Alain Juppé
32%
Dominique Strauss-Kahn
32%
François Baroin
27%
Nadine Morano
25%
Jean-Pierre Chevènement
17%
Aucun quiz correspondant
Distribution des résultats
% des personnes avec chaque résultat
Percentile par nombre de réponses
Votre historique - résultats
Vous n’avez pas pris ce quiz